Мостовые краны. ... за 1982-1985 (1 кв.) гг. (Запись № 6994800)

Подробности
000 -МАРКЕР
контрольное поле 00921nam2a22002411 4500
001 - ИДЕНТИФИКАТОР ЗАПИСИ
контрольное поле rc\761238
005 - ИДЕНТИФИКАТОР ВЕРСИИ
контрольное поле 20250621233138.0
035 ## - ДРУГИЕ СИСТЕМНЫЕ НОМЕРА
Идентификатор записи (NLR Aleph) 005977600
100 ## - ДАННЫЕ ОБЩЕЙ ОБРАБОТКИ
Данные общей обработки 20040301d1985 |||y0rusy50 ca
101 0# - ЯЗЫК РЕСУРСА
Язык текста, звукозаписи и т.д. русский
102 ## - СТРАНА ПУБЛИКАЦИИ ИЛИ ПРОИЗВОДСТВА
Страна публикации Российская Федерация
105 ## - ПОЛЕ КОДИРОВАННЫХ ДАННЫХ: ТЕКСТОВЫЕ МАТЕРИАЛЫ, МОНОГРАФИЧЕСКИЕ
Кодированные данные о монографическом текстовом документе y |||||||||
200 0# - ЗАГЛАВИЕ И СВЕДЕНИЯ ОБ ОТВЕТСТВЕННОСТИ
Основное заглавие ... за 1982-1985 (1 кв.) гг.
Первые сведения об ответственности [ Сост. С.Д. Дружкина ]
210 ## - ПУБЛИКАЦИЯ, РАСПРОСТРАНЕНИЕ И ДР.
Дата издания, распространения и т.д. 1985
Место издания, распространения и т.д. Б. м.
215 ## - ФИЗИЧЕСКАЯ ХАРАКТЕРИСТИКА
Специфическое обозначение материала и объем 55 с.
225 1# - СЕРИЯ
Основное заглавие серии ...
Обозначение тома 19-4-85
461 #0 - УРОВЕНЬ НАБОРА
Встроенное поле 001rc\1188762
-- 2001#$aМостовые краны$eАннот. указ. отеч. и иностр. лит....$v... за 1982-1985 (1 кв.) гг.
Системный номер (АБИС) связанной записи 6958178
Место публикации М.
Дата публикации 1985
Имя издателя, распространителя и т.д. ЦНИИТЭИтяжмаш
Сведения, относящиеся к заглавию Аннот. указ. отеч. и иностр. лит....
Заглавие Мостовые краны
Номер тома ... за 1982-1985 (1 кв.) гг.
801 #0 - ИСТОЧНИК ЗАПИСИ
Страна Российская Федерация
Организация NLR
Правила каталогизации psbo
801 #1 - ИСТОЧНИК ЗАПИСИ
Страна Российская Федерация
Организация ELAR
Источник данных rusmarc
852 ## - МЕСТОНАХОЖДЕНИЕ И ШИФР ХРАНЕНИЯ
Идентификатор организации NLR
Наименование фонда или коллекции (Sub-Location Identifier) С
Шифр хранения (Call Number) К-2/2882
942 ## - ДОПОЛНИТЕЛЬНЫЕ ЭЛЕМЕНТЫ ЗАПИСИ (АБИС)
Тип экземпляра АБИС Книга
980 ## - КОЛЛЕКЦИЯ
Название коллекции Национальная библиография
Экземпляры
Тип экземпляра Дата поступления Библиотека постоянного хранения Библиотека текущего хранения Место хранения Шифр хранения Штрих-код Статус экземпляра
Книга 26.10.2013 РНБ (Московский) РНБ (Московский) Центральная справочная библиотека С К-2/2882 1-2569325  
Книга 26.12.2018 РНБ (Московский) РНБ (Московский) Центральная справочная библиотека С К-2/2882 1-2569326